Principles of microeconomics / (Record no. 347277)
[ view plain ]
| 000 -LEADER | |
|---|---|
| fixed length control field | 01309 a2200217 4500 |
| 020 ## - INTERNATIONAL STANDARD BOOK NUMBER | |
| International Standard Book Number | 0130957259 (paperback) |
| 020 ## - INTERNATIONAL STANDARD BOOK NUMBER | |
| International Standard Book Number | 9780130957252 (paperback) |
| 082 04 - DEWEY DECIMAL CLASSIFICATION NUMBER | |
| Classification number | 338.5 |
| 090 ## - LOCALLY ASSIGNED LC-TYPE CALL NUMBER (OCLC); LOCAL CALL NUMBER (RLIN) | |
| -- | 4846 |
| -- | 4846 |
| 100 1# - MAIN ENTRY--PERSONAL NAME | |
| Personal name | Case, Karl E. |
| 245 10 - TITLE STATEMENT | |
| Title | Principles of microeconomics / |
| Statement of responsibility, etc. | Karl E. Case, Ray C. Fair. |
| 250 ## - EDITION STATEMENT | |
| Edition statement | 5th ed. |
| 260 ## - PUBLICATION, DISTRIBUTION, ETC. | |
| Place of publication, distribution, etc. | [S.l.] : |
| Name of publisher, distributor, etc. | Prentice Hall, |
| Date of publication, distribution, etc. | 1998. |
| 300 ## - PHYSICAL DESCRIPTION | |
| Extent | 608 p. ; |
| Dimensions | 26 cm. |
| 490 1# - SERIES STATEMENT | |
| Series statement | 5th edition. |
| 520 ## - SUMMARY, ETC. | |
| Summary, etc. | Written by an award-winning educator and a highly respected macroeconomist, this best-selling introduction to economics succeeds in getting students to think like economists. All points of theory are presented through "stories, graphs, and equations," a pedagogical tool that accommodates the students' varied styles of learning. Known and respected for its accuracy, economic integrity, and comprehensive coverage. A lively writing style, clear explanations, good graphs, relevant examples, and an unparalleled supplements package keep students motivated throughout the course. The new edition can be packaged with the Logal Economics Explorer at a modest cost. PHLIP supported. |
| 700 1# - ADDED ENTRY--PERSONAL NAME | |
| Personal name | Fair, Ray C. |
| 830 #0 - SERIES ADDED ENTRY--UNIFORM TITLE | |
| Uniform title | 5th edition. |
| 856 40 - ELECTRONIC LOCATION AND ACCESS | |
| Materials specified | Amazon.com |
| Uniform Resource Identifier | <a href="http://www.amazon.com/exec/obidos/ASIN/0130957259/chopaconline-20">http://www.amazon.com/exec/obidos/ASIN/0130957259/chopaconline-20</a> |
| 942 ## - ADDED ENTRY ELEMENTS (KOHA) | |
| Institution code [OBSOLETE] | NBS |
| Koha item type | Book |
| Call number prefix | 338.5 CAS |
| Withdrawn status | Lost status | Damaged status | Not for loan | Permanent Location | Current Location | Date acquired | Total Checkouts | Full call number | Barcode | Date last seen | Date last checked out | Price effective from | Koha item type |
|---|---|---|---|---|---|---|---|---|---|---|---|---|---|
| Central Library (CL) | Central Library (CL) | 08/28/2013 | 6 | 338.5 CAS | NBS4904 | 03/20/2025 | 10/28/2024 | 08/28/2013 | Book |
